| 000 | 01441cam a22003857a 4500 | ||
|---|---|---|---|
| 003 | CHAP | ||
| 005 | 20260219090641.0 | ||
| 008 | 971013s1983 r 00010 d | ||
| 010 | _a14165 | ||
| 011 | _a15137 | ||
| 035 | _a19211 | ||
| 040 | _cCHAP | ||
| 090 | _aTesis | ||
| 100 | 1 | 0 |
_aGonzález López, Guillermo José _949109 |
| 245 | 0 | _aSeguimiento a estimación de los beneficios en el análisis económico retrospectivo de proyectos agrícolas; el caso Plan Puebla | |
| 260 |
_aChapingo, Méx. : _bEl autor, _c1983 |
||
| 300 | _a204 h | ||
| 502 | _aTesis (M.C. Esp. en Economía Agrícola) -- Colegio de Postgraduados. Centro de Economía Agrícola | ||
| 590 |
_aALEPH _b10 _c20130110 _lUCH01 _h1235 |
||
| 590 |
_aBATCH-UPD _b10 _c20130110 _lUCH01 _h1858 |
||
| 590 |
_aBATCH-UPD _b10 _c20130410 _lUCH01 _h1226 |
||
| 590 |
_aBATCH-UPD _b10 _c20130914 _lUCH01 _h1145 |
||
| 590 |
_aCONVERSION _b10 _c20130109 _lUCH01 _h1309 |
||
| 650 | 1 | 4 |
_aAgricultura _xAspectos economicos _xPuebla. _91287 |
| 650 | 1 | 4 |
_aAgricultura _xAspectos economicos _xPuebla. _91287 |
| 650 | 1 | 4 |
_aDesarrollo de la comunidad rural _zPuebla. _932044 |
| 650 | 1 | 4 |
_aPlan Puebla. _988678 |
| 901 | _aBK | ||
| 942 | _cFOLL | ||
| 949 |
_bBC _cTES _d-44560 _eTS1 _i19211 _si |
||
| 949 |
_bBC _cTES _d-44561 _eTS2 _fc.2 _i19211 _si |
||
| 949 |
_bBC _cTES _d-44562 _eTS2 _fc.3 _i19211 _si |
||
| 949 |
_bBC _cTES _d-44563 _eTS2 _fc.4 _i19211 _si |
||
| 949 |
_bBC _cTES _d-44564 _eTS2 _fc.5 _i19211 _si |
||
| 999 |
_c14165 _d14165 |
||